| 000 | 01622nam a22002177a 4500 | ||
|---|---|---|---|
| 003 | IT-MiCISF | ||
| 005 | 20260109122622.0 | ||
| 008 | 260109b |||||||| |||| 00| 0 eng d | ||
| 020 | _a9788817188104 | ||
| 040 | _cIT-MiCISF | ||
| 100 |
_aGerolin Alessandra (a cura di) _963128 |
||
| 245 |
_aAbitare il nostro tempo. _bVivere senza paura nell'età dell'incertezza |
||
| 260 |
_aMilano, _bRizzoli-Mondadori, _c2024 |
||
| 300 | _app. 138 | ||
| 500 | _asocietà, cambiamento, cristianesimo, rapporti-sociali, politica, filosofia, teologia, esperienze | ||
| 520 | _aUn intenso dialogo fra tre grandi personalità religiose e filosofiche – Julián Carrón, Charles Taylor e Rowan Williams – è l’occasione preziosa per tornare a parlare del nostro presente, un periodo storico caratterizzato da profondi mutamenti che generano in tutti noi timori e riflessioni. Dal momento che il mondo in cui viviamo ci pone quotidianamente di fronte all’incertezza, è doveroso provare a trovare delle risposte e chiedersi come si possa vivere con pienezza nell’età secolare. Questo dialogo propone quindi un percorso in grado di fornire punti di vista e prospettive differenti, una riflessione sui valori umani e sullo spazio che possono avere nella realtà attuale, sul senso della fede nella contemporaneità, sul desiderio, sulla libertà e il modo di viverla, sull’amicizia, per trovare infine un cammino comune, qualificato dall’incontro con l’altro pur nelle divergenze | ||
| 650 | _aSocietà | ||
| 654 | _aintervista | ||
| 700 |
_aCarron Julian, Taylor Charles, Williams Rowan _963129 |
||
| 942 |
_2ddc _cBK |
||
| 999 |
_c360700 _d360700 |
||